| 000 | 01116nam a22002657a 4500 | ||
|---|---|---|---|
| 005 | 20170124102935.0 | ||
| 010 | _aB-175841 | ||
| 020 |
_c150.00 _a8180590259 |
||
| 035 | _aB-175841 | ||
| 037 | _bCen Lib/Ret | ||
| 040 |
_aDPL _bHN |
||
| 082 |
_a784.4 _bअमर |
||
| 100 |
_aअमर दिनेश _946284 |
||
| 245 |
_aब्रज और पंजाबी संस्कार गीत / _cअमर दिनेश |
||
| 246 |
_abrij or punjabi sanskar geet _bby Amar Dinesh |
||
| 260 |
_aदिल्ली _bश्री प्रकाशन _c2005 |
||
| 270 |
_aए -402,विधुत अपार्टमेंट इन्द्रप्रस्त्थ एक्सटेंशन _bदिल्ली _e110092 |
||
| 300 |
_a213पृष्ठ. _c21सेमी (सजिल्द ) |
||
| 650 |
_aभारतीय संगीत _9779 |
||
| 650 |
_aपंजाबी संस्कार गीत _946285 |
||
| 650 |
_aIndian Music _924925 |
||
| 650 |
_aPunjabi funeral song _946286 |
||
| 700 | _945979 | ||
| 942 |
_2ddc _cHN _h784.4 _mअमर |
||
| 999 |
_c112196 _d112196 |
||